| 000 | 01908nam a22002417a 4500 | ||
|---|---|---|---|
| 003 | OSt | ||
| 005 | 20240530110418.0 | ||
| 008 | 150309s2008 gw a f b 001 0 eng d | ||
| 020 | _a9783131450319 | ||
| 040 |
_aEG-CaGPL _cEG-CaGPL |
||
| 041 |
_aeng _hger |
||
| 082 | 0 | 4 |
_221 _a617.539\ _bG A |
| 100 | 1 | _aGemsenjager, Ernst | |
| 245 | 1 | 0 |
_aAtlas of thyroid surgery / _cErnst Gemsenjaeger |
| 260 |
_aNew York : _bThieme, _c2009 |
||
| 300 |
_a180 p. : _bill. ; _c28 cm. |
||
| 504 | _aIncludes bibliographical references and index. | ||
| 505 | _aNotes on positioning the patient -- Basic surgical anatomy -- Incisions; thyroid exposure -- Capsular dissection -- Thyroid hilus : suspensory ligament of Berry ; inferior (recurrent) laryngeal nerve ; parathyroids ; posterior thyroid process (tubercle of Zuckerkandl) -- Further case records with demonstrations of the technique of capsular dissection -- Basic remarks -- Proliferation, clonality, and autonomy of thyroid lesions -- Molecular genetic diagnosis. Gene profiling -- Follicular neoplasia -- Thyroid nodules in surgical practice. Strategy of adequate excision -- Case records : hyperplastic and neoplastic nodules ; functional autonomy ; follicular thyroid carcinoma (FTC) -- Embryological thyroid development and developmental anomalies : clinical aspects -- Total thyroidectomy for benign nodular goiter -- Long-standing solitary nodule -- Further clinical considerations -- Nodules in graves disease -- Nodules in chronic autoimmune thyroiditis (Hashimoto thyroiditis, Hashimoto disease, lymphocytic thyroiditis) -- Papillary thyroid carcinoma -- Anaplastic (undifferentiated) thyroid carcinoma -- Medullary thyroid carcinoma (C-cell carcinoma) -- Concluding remarks. | ||
| 650 | 0 |
_aEndocrine Surgical Procedures _xmethods _vAtlases. |
|
| 650 | 0 |
_aThyroid Gland _xmethods _vAtlases. |
|
| 650 | 0 |
_aThyroid gland _xSurgery _vAtlases. |
|
| 942 |
_2ddc _cBK |
||
| 999 |
_c60600 _d60600 |
||